| 000 | 00751cab a2200241 4500 | ||
|---|---|---|---|
| 001 | WB2907-07 | ||
| 008 | 090401t1993 xxu||||| |||| 00| 0 eng d | ||
| 035 | _a(Sirsi) u54392 | ||
| 041 | _aeng | ||
| 245 | _aManchester Olympic bid | ||
| 260 | _c1993 | ||
| 300 | _aLOAN | ||
| 350 | _a0 | ||
| 490 |
_aGuardian _v18 February 1993, 14 |
||
| 490 |
_aFinancial Times _v18 February 1993, 10(1) |
||
| 520 | _a£2bn is available for a Manchester bid for 2000 Olympic Games. Map of proposed venues. Identifies potential investment which would be generated by a successful bid. | ||
| 650 | _aMANCHESTER | ||
| 650 | _aMANCHESTER 2000 OLYMPIC BID | ||
| 650 | _aOLYMPIC GAMES 2000 | ||
| 690 | _aBUILT ENVIRONMENT | ||
| 942 | _n0 | ||
| 948 | _c04/03/1997 | ||
| 999 |
_c33342 _d33342 |
||